000 00791nam a22002177a 4500
003 UA-OsUOA
001 108240
007 ta
008 20141006b un ||||| |||| 00| 0 ukr d
100 _aІлясевич Н.
090 _a81
_bИ99
942 _cSA
040 _aUA-OsUOA
_bukr
_cUA-OsUOA
_dUA-OsUOA
245 _aПроблеми викладання української мови. Компетентністно зорієнтований підхід. Проблема наступності
300 _aС.7-11
955 _a0
041 _aukr
080 _a81
773 0 _w108239
_tУкраїнська мова та література
_dК.
_d2014
_g18
650 7 _a8 Мовознавство. Художня література. Літературознавство
_2UDC
999 _c394180
_d394180